| 000 | 01237cam a2200277 4500 | ||
|---|---|---|---|
| 001 | 10685 | ||
| 005 | 20230404125641.0 | ||
| 008 | 060907n1998 wau spa | ||
| 035 | _9funglode10769 | ||
| 041 | _aspa | ||
| 050 | 1 | 4 | _aCD F |
| 110 | _aBanco Interamericano de Desarrollo | ||
| 245 | 1 | 3 |
_aEl manejo de los recursos costeros y marinos en América Latina y el Caribe / _cBanco Interamericano de Desarrollo |
| 260 |
_aWashington D.C. : _bBanco Interamericano de Desarrollo, _c1998 |
||
| 300 | _a41 p. | ||
| 500 | _a"Este documento presenta la antecedentes para el desarrollo de la estrategia del Banco Interamericano de Desarrollo en este tema." | ||
| 546 | _aAlso issued in English as: Coastal and marine resources management in Latin America and the Caribbean. | ||
| 504 | _aIncludes bibliographical references (p. 57-62). | ||
| 650 | 0 |
_aCoastal zone management _zLatin America. |
|
| 650 | 0 |
_aCoastal zone management _zCaribbean Area. |
|
| 650 | 0 |
_aMarine resources development _zLatin America. |
|
| 650 | 0 |
_aMarine resources development _zCaribbean Area. |
|
| 610 | 2 | 4 |
_aInter-American Development Bank _xEnvironmental policy. |
| 710 | 2 |
_aInter-American Development Bank. _bEnvironment Division. |
|
| 942 |
_2lcc _ccd |
||
| 999 |
_c1883 _d1883 |
||